Zvyšování efektivnosti, kvality a úloha cen
Guardado en:
| Autor principal: | |
|---|---|
| Formato: | Libro |
| Lenguaje: | checo |
| Publicado: |
Praha
Práce
1982
|
| Colección: | Člověk a práce
|
| Etiquetas: |
Sin Etiquetas, Sea el primero en etiquetar este registro!
|
MARC
| LEADER | 00000nam a2200000 4500 | ||
|---|---|---|---|
| 001 | c128892 | ||
| 005 | 20050302095235.2 | ||
| 041 | 0 | |a cze | |
| 044 | |a CZ | ||
| 245 | 1 | 0 | |a Zvyšování efektivnosti, kvality a úloha cen |c Michal Sabolčík |
| 264 | 1 | |a Praha |b Práce |c 1982 | |
| 300 | |a 101 s. | ||
| 490 | 1 | |a Člověk a práce | |
| 830 | 0 | |a Člověk a práce | |
| 100 | 1 | |a Sabolčík, Michal | |